American public opinion : (Record no. 12179)

MARC details
000 -LEADER
fixed length control field 00994cam a2200289 a 4500
001 - CONTROL NUMBER
control field 4433157
003 - CONTROL NUMBER IDENTIFIER
control field OSt
005 - DATE AND TIME OF LATEST TRANSACTION
control field 20211013083716.0
008 - FIXED-LENGTH DATA ELEMENTS--GENERAL INFORMATION
fixed length control field 940531s1995 maua b 001 0 eng
010 ## - LIBRARY OF CONGRESS CONTROL NUMBER
LC control number 94021993
020 ## - INTERNATIONAL STANDARD BOOK NUMBER
International Standard Book Number 0023340428 (alk. paper)
040 ## - CATALOGING SOURCE
Original cataloging agency DLC
Transcribing agency DLC
Modifying agency DLC
043 ## - GEOGRAPHIC AREA CODE
Geographic area code n-us---
050 00 - LIBRARY OF CONGRESS CALL NUMBER
Classification number HN90.P8
Item number E74 1995
082 00 - DEWEY DECIMAL CLASSIFICATION NUMBER
Classification number 303.3/8
Edition number 20
100 1# - MAIN ENTRY--PERSONAL NAME
Personal name Erikson, Robert S.
9 (RLIN) 13073
245 10 - TITLE STATEMENT
Title American public opinion :
Remainder of title its origins, content, and impact /
Statement of responsibility, etc. Robert S. Erikson, Kent L. Tedin.
250 ## - EDITION STATEMENT
Edition statement 5th ed.
260 ## - PUBLICATION, DISTRIBUTION, ETC.
Place of publication, distribution, etc. Boston :
Name of publisher, distributor, etc. Allyn and Bacon,
Date of publication, distribution, etc. c1995.
300 ## - PHYSICAL DESCRIPTION
Extent x, 390 p. :
Other physical details ill. ;
Dimensions 24 cm.
504 ## - BIBLIOGRAPHY, ETC. NOTE
Bibliography, etc. note Includes bibliographical references (p. 355-384) and index.
650 #0 - SUBJECT ADDED ENTRY--TOPICAL TERM
Topical term or geographic name entry element Public opinion
Geographic subdivision United States.
9 (RLIN) 13074
700 1# - ADDED ENTRY--PERSONAL NAME
Personal name Tedin, Kent L.
9 (RLIN) 13075
906 ## - LOCAL DATA ELEMENT F, LDF (RLIN)
a 7
b cbc
c orignew
d 1
e ocip
f 19
g y-gencatlg
942 ## - ADDED ENTRY ELEMENTS (KOHA)
Source of classification or shelving scheme Dewey Decimal Classification
Koha item type Books like text book referance book
Suppress in OPAC No
Holdings
Withdrawn status Lost status Source of classification or shelving scheme Damaged status Not for loan Home library Current library Shelving location Date acquired Full call number Barcode Date last seen Copy number Price effective from Koha item type Total Checkouts
    Dewey Decimal Classification     Social Library Social Library General Stacks 10/13/2021 303.4/eri SHLIB000001949 10/13/2021 1 10/13/2021 Books like text book referance book  
    Dewey Decimal Classification     Social Library Social Library General Stacks 10/13/2021 303.4/eri SHLIB00001950 10/13/2021 2 10/13/2021 Books like text book referance book  
    Dewey Decimal Classification     Social Library Social Library General Stacks 10/13/2021 303.4/eri SHLIB00001951 10/13/2021 4 10/13/2021 Books like text book referance book